Countries by Pagani Cars - Statistics

General Stats
  • This quiz has been taken 17 times
  • The average score is 19 of 39
Answer Stats
Number of Cars Continent Answer % Correct
150+ North America USA
93%
10-24 Asia China
86%
2-4 Europe France
86%
50-75 Europe Italy
86%
10-24 Oceania Australia
79%
25-49 Europe Germany
79%
50-75 Europe United Kingdom
79%
10-24 Europe Spain
71%
5-9 North America Canada
64%
10-24 Asia Japan
64%
2-4 North America Mexico
64%
10-24 Europe Monaco
64%
1 Oceania New Zealand
64%
5-9 Europe Poland
64%
2-4 Africa South Africa
64%
1 Asia South Korea
64%
25-49 Europe Switzerland
64%
1 Asia Indonesia
57%
25-49 Asia United Arab Emirates
57%
2-4 Asia Malaysia
50%
10-24 Asia Saudi Arabia
50%
2-4 Europe Austria
43%
5-9 Europe Czech Republic
36%
2-4 Europe Netherlands
36%
10-24 Asia Singapore
36%
1 Asia Vietnam
36%
2-4 Asia Bahrain
29%
10-24 Europe Denmark
29%
2-4 Asia Kuwait
29%
1 Europe Luxembourg
29%
2-4 Asia Oman
29%
5-9 Asia Taiwan
29%
2-4 Asia Macau
21%
1 Asia Cambodia
14%
25-49 Asia Hong Kong
14%
1 South America Uruguay
14%
1 Africa Equatorial Guinea
0%
2-4 Europe Lichtenstein
0%
2-4 Asia Uzbekistan
0%
No matching quizzes found
Score Distribution
Percent of People with Each Score
Percentile by Number Answered
Your Score History
You have not taken this quiz